000 00837nam a2200205 a 4500
005 20210223125552.0
008 050119s2001 fr r 000 0 eng d
020 _a9280312138
035 _aUPN01000137030
049 _aUNE
050 4 _aLC67 A7.8
_bI4.6
245 0 0 _aImpact of the economic crisis on higher education in East Asia :
_bcountry experiences /
_ced. N. V. Varghese.
260 _aParĂ­s :
_bUNESCO, International Institute for Educational Planning,
_c2001.
300 _a215 p. :
_btablas
440 0 _aForum on education ;
_v12
500 _a"Selected papers from the Policy forum organized jointly with RIHED, Bangkok and Ministry or Education, Malaysia Selangor, 29-31 January 2001"
650 4 _aEDUCACION SUPERIOR -
_xASPECTOS ECONOMICOS -
_zASIA
_99181
700 1 _aVarghese, N. V.,
_eed.
_935703
905 _aLibro
999 _c109181
_d109181